| 000 | 00732nam a22002417a 4500 | ||
|---|---|---|---|
| 999 |
_c18569 _d18569 |
||
| 003 | AR-CdUCM | ||
| 008 | 190514b ||||| |||| 00| 0 spa d | ||
| 040 |
_aMUNICIPALIDAD PROVINCIAL DEL CUSCO _cBIBLIOTECA MUNICIPAL DEL CUSCO |
||
| 041 | _heng | ||
| 082 |
_a895.103 / _bSH47 |
||
| 100 |
_aShin, Lu _939224 |
||
| 245 |
_aDiario de un loco : _bcuentos / |
||
| 260 |
_aBuenos Aires : _bLautaro, _c1956. |
||
| 300 |
_a189 páginas ; _c21 cm. |
||
| 440 |
_aLibro de Ediciones Argentinas. _939225 |
||
| 505 | _aContenido: Novela. | ||
| 650 |
_aNovela China _99729 |
||
| 650 |
_aLiteratura China _99978 |
||
| 650 |
_aSiglo XX _98 |
||
| 700 |
_aGaler, Julio (traducción) _939226 |
||
| 942 |
_2ddc _cLIBROS |
||
| 945 |
_apjha _d2019-05-17 |
||